000 00630nam a2200229Ia 4500
003 OSt
005 20220923225859.0
006 a|||||r|||| 00| 0
007 ta
008 Pun
024 _a275,611
037 _cTextual
040 _aARTS
_cARTS
_bPun
041 _2Pun
_aPun
082 _aO153,1N23,1, K7
100 _aਗੁਰਦੇਵ, ਨਿਰਧਨ
245 0 _aਧੁੰਦ ਵਿਚ ਡੁਬੀਆਂ ਰੌFਨੀਆਂ
260 _c1967
650 _aਪੰਜਾਬੀ ਸਾਹਿਤ
942 _hO153,1N23,1, K7
_cTEXL
_2CC
999 _c381057
_d381057